00335 2200145 4500245004700000250001100047100002400058650001700082650001600099005001900115260001800134041001400152084001400166336000900180 aBorn To be ToldcNaura Shafa KamilahhText aCet. 1 aNaura Shafa Kamilah aAutobiografi aKarya Siswa a20250522112609 aJakartac2025 aIndonesia a081 NAU b atext